THE GREAT COMMISSION LIFESTYLE: (Record no. 85)

MARC details
000 -LEADER
fixed length control field 00488nam a2200181Ia 4500
003 - CONTROL NUMBER IDENTIFIER
control field OSt
005 - DATE AND TIME OF LATEST TRANSACTION
control field 20241126110329.0
008 - FIXED-LENGTH DATA ELEMENTS--GENERAL INFORMATION
fixed length control field 160523b xxu||||| |||| 00| 0 eng d
020 ## - INTERNATIONAL STANDARD BOOK NUMBER
International Standard Book Number 0800754506
040 ## - CATALOGING SOURCE
Transcribing agency GBC
082 ## - DEWEY DECIMAL CLASSIFICATION NUMBER
Classification number 266 COL
100 ## - MAIN ENTRY--PERSONAL NAME
Relationship COLEMAN, ROBERT E
245 ## - TITLE STATEMENT
Title THE GREAT COMMISSION LIFESTYLE:
Remainder of title CONFORMING YOUR LIFE TO KINGDOM PRIORITIES
260 ## - PUBLICATION, DISTRIBUTION, ETC.
Place of publication, distribution, etc. GRAND RAPIDS:
Name of publisher, distributor, etc. Fleming H Revell
Date of publication, distribution, etc. 1992
300 ## - PHYSICAL DESCRIPTION
Extent 126p
653 ## - INDEX TERM--UNCONTROLLED
Uncontrolled term Mission--Great commission
942 ## - ADDED ENTRY ELEMENTS (KOHA)
Source of classification or shelving scheme Dewey Decimal Classification
Koha item type Books
Koha issues (borrowed), all copies 2
Holdings
Withdrawn status Lost status Source of classification or shelving scheme Damaged status Not for loan Home library Current Library Shelving location Date acquired Total checkouts Full call number Barcode Date last seen Date last checked out Price effective from Koha item type
    Dewey Decimal Classification     GRACE BIBLE COLLEGE GRACE BIBLE COLLEGE Ministry & Mission 2016-05-23 2 266 COL 010733 2025-05-01 2023-09-28 2016-05-23 Books
© Grace Bible College Library 2025